Riconosci il Pokémon - Quiz n°799 - Statistics

Statistiche generali
  • Questo quiz è stato fatto 0 volte
  • Il punteggio medio è 0 su 10
Statistiche sulle risposte
Indizio Riposta % Corretto
Altezza 0,8 m
0%
Peso 18,0 kg
0%
Tasso di cattura 45 (11.9%)
0%
Sesso 50% ♂, 50% ♀
0%
Pokémon Cramorant
0%
Abilità Inghiottimissile
0%
Tasso di allevamento Medio-Veloce
0%
Stadio evoluzione Non si evolve
0%
Generazione Ottava
0%
Tipo Volante / Acqua
0%
Nessun quiz corrispondente trovato
Distribuzione punteggi
Percentuale di utenti per punteggio
Percentile per numero di risposta
I tuoi punteggi nel tempo
Non hai fatto questo quiz